000 00669nam a2200289Ia 4500
005 20260324114841.0
008 008 260324s9999 xx 000 0 eng d
020 _a9781003121107
037 _aEBOOK
040 _aCRL
040 _beng
040 _cCRL
041 _2eng
041 _aeng
084 _qCRL
100 _aHung T. Diep
_91152401
245 0 _aPhysics of Magnetic Thin Films
245 0 _bTheory and Simulation
260 _bTaylor and Francis
260 _c2021
365 _a
365 _b240
856 _uhttp://www.taylorfrancis.com/books/9781003121107
942 _cEBOOK
999 _c1742830
_d1742830